أرسين لوبين يواجه شرلوك هولمز / (Record no. 31077)

MARC details
000 -الفاتح
حقل البيانات ثابتة الطول 01269nam a2200325 i 4500
003 - محدد رقم الضبط
رقم الضبط EG-ScBUE
005 - وقت وتاريخ اخر تعامل مع التسجيلة
رقم الضبط 20260203111735.0
008 - عناصر البيانات ثابتة الطول - معلومات عامة
حقل البيانات ثابتة الطول 210923s2021 ua f 000 f ara d
017 ## - رقم الإيداع القانونى
رقم الإيداع القانونى 2021 / 14942
020 ## - الرقم الدولى المعيارى للكتب
الرقم الدولى المعيارى للكتاب 9789778241204
040 ## - مصدر الفهرسة
وكالة الفهرسة الأصلية EG-ScBUE
لغة الفهرسة ara
قواعد الوصف rda
وكالة النسخ EG-ScBUE
وكالة التعديل EG-ScBUE
041 1# - رمز اللغة
رمز لغة النص/ المسارات الصوتية أو العنوان الانفرادي ara
رمز لغة الترجمات و/او الاصلية المتوسطة للنص fre
082 04 - رقم تصنيف ديوى العشرى
رقم التصنيف ‪843.912
رقم المادة ل و ب
رقم الطبعة 22
100 1# - المدخل الرئيسى - إسم شخصى
الإسم الشخصى لوبلان، موريس،
التواريخ المصاحبة للاسم 1864-1941،
الدور مؤلف.
245 10 - بيان العنوان
العنوان أرسين لوبين يواجه شرلوك هولمز /
بقية العنوان رواية /
بيان المسئوليه,etc موريس لوبلان ؛ ترجمة خميلة الجندي
250 ## - بيان الطبعة
بيان الطبعة الطبعة السابعة.
264 #1 - النشر، التوزيع
مكان الناشر او الموزع القاهرة :
اسم الناشر او الموزع الرواق للنشر والتوزيع،
تاريخ النشر أو التوزيع 2021.
300 ## - الوصف المادى
التعداد 310 صفحة ؛
أبعاد الوعاء 24 سم
336 ## - نوع المحتوى
source rdacontent
Carrier Type Term نص
Content Type Code txt
337 ## - نوع الوسيط
source rdamedia
Media Type Term بدون وسيط
Media Type Code n
338 ## - نوع الحامل أو الناقل
source rdacarrier
Carrier Type Term مجلد
Carrier Type Code nc
541 ## - تبصرة المصدر المباشر للتزويد
مصدر التزويد Book Fair 2026.
546 ## - تبصرة اللغة
تبصرة اللغة النص باللغة العربية وتم ترجمته من اللغة الفرنسية
650 #7 - المدخل الاضافى بالموضوع-مصطلح موضوعى
مصطلح موضوعي أو اسم جغرافي كعنصر مدخل القصص الفرنسية
التقسيم الفرعي الزمني قرن 20.
مصدر الرأس أو المصطلح BUEsh
650 #7 - المدخل الاضافى بالموضوع-مصطلح موضوعى
مصطلح موضوعي أو اسم جغرافي كعنصر مدخل الأدب الفرنسي
التقسيم الفرعي الزمني قرن 20.
التقسيم الفرعي الشكلي BUEsh
653 ## - مصطلح تكشيفى غير مقيد
مصطلح غير مقيد BUEsh
Resource For college Generalities
Arrived date list February2026
655 #7 - مصطلح تكشيفى-نوع/شكل
مصدر المصطلح BUEsh
التقسيم الفرعي الشكلي Reading book
700 1# - المدخل الاضافى - اسم شخصى
الإسم الشخصى الجندي، خميلة،
الدور مترجم
942 ## - عناصر المدخل الإضافي( كوها)
مصدر التصنيف او مخطط الترفيف Dewey Decimal Classification
Holdings
حالة التراجع حالة الفقد مصدر التصنيف او خطة الترفيف حالة تلف ليس للاعارة مجموعات كوها المكان الدائم المكان الحالي موقع الترفيف تاريخ الاكتساب Source of acquisition سعر الشراء الطبيعي رقم الاستدعاء الباركود Date last seen التكلفة نوع الوعاء
    Dewey Decimal Classification     الرواق Central Library Central Library Second Floor 03/02/2026 Purchase 145.00 ‪843.912 ل و ب 000057480 03/02/2026 181.00 Book - Borrowing